Provinces of Lombardia Quiz Stats

 Plays Quiz not verified by Sporcle

Challenge
Share
Tweet
Score 0/12 Timer 03:00
0 Plays Today
Province % Correct
Milano
95.2%
Brescia
91.7%
Bergamo
88.1%
Como
86.9%
Lodi
82.1%
Cremona
81%
Monza
77.4%
Varese
77.4%
Mantova
76.2%
Lecco
72.6%
Pavia
72.6%
Sondrio
67.9%

You're not logged in!

Compare scores with friends on all Sporcle quizzes.
Join for Free
OR
Log In

You Might Also Like...

Show Comments

Extras

Created Jan 17, 2010ReportFavoriteNominate
Tags:lombardia, province

Top Quizzes Today


Score Distribution

Your Account Isn't Verified!

In order to create a playlist on Sporcle, you need to verify the email address you used during registration. Go to your Sporcle Settings to finish the process.

Report this User

Report this user for behavior that violates our Community Guidelines.

Details: